000 01098nam2a2200265 4500
001 rc\3030427
005 20250807181330.6
035 _a(NLR Aleph) 007171400
090 _a88872
_c88872
100 _a20110930d1941 u y0rusy50 ca
101 0 _arus
102 _aRU
105 _ay z |||||
200 1 _aˆ[‰Статьи и речи о денежном обращении и банках]
210 _d1941
215 _aXVI, 352 с.
300 _aНа обороте тит. л.: David Ricardo. Problems of currency and banking
461 0 _1001rc\3030425
_12001#$aСочинения$eТ. I-$fПеревод под ред. чл.-кор. Акад. наук СССР М. Смит$vТ. 2
_1700#1$aРикардо$bД.$gДавид$f1772-1823
702 1 _aВыгодский
_bС.
_4080
801 0 _aRU
_bNLR
_gpsbo
801 1 _aRU
_bELAR
_2rusmarc
852 _aNLR
_jЭк14 Г-5/1(2)
942 _cUNSPEC
945 _aРоссийская национальная библиотека
_aЦентральная городская библиотека Нижнего Новгорода
980 _aBV